000 00633nam a22001937a 4500
999 _c17017
_d17017
003 AR-CdUCM
008 190507b ||||| |||| 00| 0 spa d
040 _aMUNICIPALIDAD PROVINCIAL DEL CUSCO
_cBIBLIOTECA MUNICIPAL DEL CUSCO
082 _23ed.
_a802.82 /
_bAL36
100 _aAlberti, Rafael
_98832
245 _aTeatro :
_bEl hombre deshabitado :
_bEl trebol florido :
_bEl adefesio :
_bLa gallarda /
260 _aBuenos Aires :
_bLosada,
_c1959.
300 _a273 paginas ;
_c20 cm.
500 _aHistoria y literatura
650 _aHistoria
_9136
650 _aLiteratura
_983
942 _2ddc
_cLIBROS
945 _apjha
_d2019-05-07